000 00644nam a2200241Ia 4500
003 OSt
005 20220918191854.0
006 a|||||r|||| 00| 0
007 ta
008 220917b |||||||| |||| 00| 0 eng d
024 _a65,539
037 _cTextual
040 _aARTS
_cARTS
_beng
041 _2eng
_aeng
082 _aQM5v45:M8, G0;L5
100 _aBrowne Edward G
_943430
245 0 _aTraveller's narrative
260 _aAmsterdam
_bPhilo Press
_c1975
300 _alii,447+211+Urdu pages
_ccm.
650 _aRELIGION
942 _hQM5v45:M8, G0;L5
_cTEXL
_2CC
999 _c191782
_d191782